Women in the ancient indian tales / (Record no. 130637)

MARC details
000 -LEADER
fixed length control field 00672nam a22002297a 4500
005 - DATE AND TIME OF LATEST TRANSACTION
control field 20170124110114.0
010 ## - LIBRARY OF CONGRESS CONTROL NUMBER
LC control number A-298429
020 ## - INTERNATIONAL STANDARD BOOK NUMBER
Terms of availability 00.00
035 ## - SYSTEM CONTROL NUMBER
System control number A-298429
037 ## - SOURCE OF ACQUISITION
Source of stock number/acquisition Cen Lib/Ret
040 ## - CATALOGING SOURCE
Original cataloging agency DPL
Language of cataloging EN
082 ## - DEWEY DECIMAL CLASSIFICATION NUMBER
Classification number S
Item number JAI
100 ## - MAIN ENTRY--PERSONAL NAME
Personal name Jain, Jagdishchandra
9 (RLIN) 11176
245 ## - TITLE STATEMENT
Title Women in the ancient indian tales /
Statement of responsibility, etc by Jagdishchandra Jain [and] Margaret Walter
260 ## - PUBLICATION, DISTRIBUTION, ETC. (IMPRINT)
Place of publication, distribution, etc Delhi
Name of publisher, distributor, etc Mittal Publications
Date of publication, distribution, etc 1987
270 ## - ADDRESS
City Delhi
Address B-2/19-B, lawrence road
Postal code 110035
300 ## - PHYSICAL DESCRIPTION
Extent xix, 110p.
Dimensions 19cm(Hb)
650 ## - SUBJECT ADDED ENTRY--TOPICAL TERM
Topical term or geographic name as entry element English literature
9 (RLIN) 73528
650 ## - SUBJECT ADDED ENTRY--TOPICAL TERM
Topical term or geographic name as entry element Stories
9 (RLIN) 7500
700 ## - ADDED ENTRY--PERSONAL NAME
Personal name Walter, Margaret
9 (RLIN) 29715
942 ## - ADDED ENTRY ELEMENTS (KOHA)
Source of classification or shelving scheme Dewey Decimal Classification
Koha item type English Books
Classification part S
Call number suffix JAI
Holdings
Withdrawn status Lost status Damaged status Not for loan Home library Current library Date acquired Source of acquisition Cost, normal purchase price Total Checkouts Full call number Barcode Date last seen Copy number Cost, replacement price Price effective from Koha item type
        Central Library Central Library 10/07/2015 Cen Lib/Ret 0.00   S JAI A-298429 10/07/2015 1 0.00 10/07/2015 English Books

© Delhi Public Library
Hit Counter
free hit counter